Ποσοτικές μέθοδοι στις κοινωνικοοικονομικές επιστήμες : μαθηματικά-στατιστική με εφαρμογές στο EXCEL και SPSS

Αποθηκεύτηκε σε:
Λεπτομέρειες βιβλιογραφικής εγγραφής
Κύριος συγγραφέας: Ιωαννίδης, Δημήτρης Α.
Μορφή: Βιβλίο
Γλώσσα:Greek
Δημοσίευση: Θεσσαλονίκη : Τζιόλα, c2021.
Θέματα:
Ετικέτες: Προσθήκη ετικέτας
Δεν υπάρχουν, Καταχωρήστε ετικέτα πρώτοι!

MARC

LEADER 00000cam a2200000 a 4500
001 1/123176
008 210610s2021####gr ||||||| |||| ||gre||
020 |a 9789604188826 
040 |a GR-MyUa  |b gre  |c GR-MyUa  |e AACR2 
041 0 |a gre 
082 7 |a 330.0151  |2 (23) 
100 1 |a Ιωαννίδης, Δημήτρης Α. 
245 1 0 |a Ποσοτικές μέθοδοι στις κοινωνικοοικονομικές επιστήμες :   |b μαθηματικά-στατιστική με εφαρμογές στο EXCEL και SPSS /   |c Δημήτρης Ιωαννίδης, Παναγιώτης Μιχαηλίδης.  
260 |a Θεσσαλονίκη :   |b Τζιόλα,   |c c2021.  
300 |a 704 σ. ;   |c 29 εκ.  
650 0 |a Social sciences  |x Statistical methods. 
650 0 |a Economics  |x Statistical methods. 
852 |a INST  |b LESVOS  |c EUDOXUS  |e 20210610  |h 330.0151 ΙΩΑ  |p 005100063184  |q 005100063184  |t EDX  |y 0 
920 |a Εύδοξος  |b Παραγγελία  |y Λέσβος-ΤΚ  |z 2021-05 
970 |a Δημάκη  |b Μαρία  |z 10-06-2021